Etiopatogenia, diagnóstico y tratamiento médico del cáncer (Record no. 177522)

MARC details
000 -LEADER
campo de control de longitud fija 00817nam a22002295i 4500
001 - NÚMERO DE CONTROL
campo de control 177522
003 - IDENTIFICADOR DE NÚMERO DE CONTROL
campo de control ES-MaACL
005 - FECHA Y HORA DE LA ÚLTIMA TRANSACCIÓN
campo de control 20230906220345.0
008 - DATOS DE LONGITUD FIJA--INFORMACIÓN GENERAL
campo de control de longitud fija 110330s1965 sp ao |||| | spa d
080 ## - NÚMERO DE LA CLASIFICACIÓN DECIMAL UNIVERSAL
Número de la Clasificación Decimal Universal 616-006.6
100 1# - ENTRADA PRINCIPAL--NOMBRE DE PERSONA
Nombre de persona Guijosa Pernús, Juan.
9 (RLIN) 60682
245 10 - MENCIÓN DEL TÍTULO
Título Etiopatogenia, diagnóstico y tratamiento médico del cáncer
Resto del título : (revisión y conceptos actuales) /
Mención de responsabilidad, etc. por Juan Guijosa Pernús.
260 ## - PUBLICACIÓN, DISTRIBUCIÓN, ETC.
Lugar de publicación, distribución, etc. Madrid :
Nombre del editor, distribuidor, etc. Montecorvo,
Fecha de publicación, distribución, etc. 1965.
300 ## - DESCRIPCIÓN FÍSICA
Extensión 329 p. :
Otras características físicas il. bl. y n. ;
Dimensiones 25 cm.
490 1# - MENCIÓN DE SERIE
Mención de serie Monografías. Colección de estudios médicos ;
Designación de volumen o secuencia 9
500 ## - NOTA GENERAL
Nota general Índices.
504 ## - NOTA DE BIBLIOGRAFÍA, ETC.
Nota de bibliografía, etc. Bibliografía: p. 275-298.
650 #4 - PUNTO DE ACCESO ADICIONAL DE MATERIA--TÉRMINO DE MATERIA
Término de materia o nombre geográfico como elemento de entrada Cáncer.
9 (RLIN) 145907
830 0# - PUNTO DE ACCESO ADICIONAL DE SERIE-TÍTULO UNIFORME
Título uniforme Monografías. Colección de estudios médicos ;
Designación de volumen o secuencia 9
9 (RLIN) 190473
852 ## - LOCALIZACIÓN
Ubicación ES-MaACL
Número de control de estantería E-14734
Encuadernación Olim P-201-Ter
Holdings
Estatus retirado Estado de pérdida Estado de daño No para préstamo Biblioteca de origen Biblioteca actual Ubicación en estantería Fecha de adquisición Fuente de adquisición Total de préstamos Signatura topográfica completa Código de barras Visto por última vez Precio de reemplazo Tipo de ítem Koha
        Biblioteca del Ateneo de Madrid Biblioteca del Ateneo de Madrid Depósito 2 30/03/2011     E-14734 1186459 23/02/2023 23/02/2023 Libro impreso